Համառօտուած պատասխանագիր հանգուցեալ Տ. Ղեւոնդ Եպս. Շիշմանեանի «Իմ աքսորի կեանքը» երկասիրութեան շուրջ թեւածող դասալիքներուն / (Record no. 176485)
[ view plain ]
| 000 -LEADER | |
|---|---|
| fixed length control field | 00826nam a2200193 u 4500 |
| 001 - CONTROL NUMBER | |
| control field | 000480739 |
| 003 - CONTROL NUMBER IDENTIFIER | |
| control field | AM-YeHGA |
| 005 - DATE AND TIME OF LATEST TRANSACTION | |
| control field | 20250617134119.0 |
| 008 - FIXED-LENGTH DATA ELEMENTS--GENERAL INFORMATION | |
| fixed length control field | 060321s1906 ||| r 000 0 arm d |
| 040 ## - CATALOGING SOURCE | |
| Original cataloging agency | AM-YeHGA |
| 041 0# - LANGUAGE CODE | |
| Language code of text/sound track or separate title | arm |
| 090 ## - LOCALLY ASSIGNED LC-TYPE CALL NUMBER (OCLC); LOCAL CALL NUMBER (RLIN) | |
| -- | 177929 |
| 100 1# - MAIN ENTRY--PERSONAL NAME | |
| Personal name | Թորոսեան, Եղիշէ. |
| 245 10 - TITLE STATEMENT | |
| Title | Համառօտուած պատասխանագիր հանգուցեալ Տ. Ղեւոնդ Եպս. Շիշմանեանի «Իմ աքսորի կեանքը» երկասիրութեան շուրջ թեւածող դասալիքներուն / |
| Statement of responsibility, etc. | Եղիշէ Թորոսեան. |
| 260 ## - PUBLICATION, DISTRIBUTION, ETC. | |
| Place of publication, distribution, etc. | Գահիրէ : |
| Name of publisher, distributor, etc. | տպ. Ե. Թորոսեան, |
| Date of publication, distribution, etc. | 1906. |
| 300 ## - PHYSICAL DESCRIPTION | |
| Extent | 64 էջ |
| 600 14 - SUBJECT ADDED ENTRY--PERSONAL NAME | |
| Personal name | Շիշմանյան, Ղևոնդ Եպիսկոպոս |
| Title of a work | Իմ աքսորի կեանքը |
| 650 14 - SUBJECT ADDED ENTRY--TOPICAL TERM | |
| Topical term or geographic name entry element | Հայ ժողովրդի պատմություն |
| Withdrawn status | Lost status | Damaged status | Not for loan | Collection | Home library | Current library | Date acquired | Total checkouts | Full call number | Barcode | Date last seen | Price effective from | Koha item type | Public note |
|---|---|---|---|---|---|---|---|---|---|---|---|---|---|---|
| General | Fundamental Scientific Library | Fundamental Scientific Library | 28/12/2016 | AII/36261 | 220036261 | 28/12/2016 | 28/12/2016 | Գրքեր / Books | 30 Days Loan |
ՀՀ Գիտությունների ազգային ակադեմիայի հիմնարար գիտական գրադարան = Fundamental Scientific Library of NAS RA
All site content, except where otherwise noted, is licensed under a